00158nam a22000737a 4500082001800000245003000018260002800048300000800076 a621.388 AON'E aA ONE TV CIRCUIT DIAGRAMS aLAHOREbSUFI SONSc1965 a40P